NASCAR 2025 Truck Schedule in order - Statistics

General Stats
  • This quiz has been taken 29 times
  • The average score is 21 of 25
Answer Stats
Race # Track (Craftsman Truck Series 2025) % Correct
#6 Bristol Motor Speedway
100%
#20 Bristol Motor Speedway
100%
#1 Daytona International Speedway
100%
#2 Atlanta Motor Speedway
95%
#7 Rockingham Speedway (The Rock)
95%
#3 Las Vegas Motor Speedway
90%
#5 Martinsville Speedway
90%
#24 Martinsville Speedway
90%
#23 Talladega Superspeedway
90%
#11 Charlotte Motor Speedway
85%
#25 Phoenix Raceway
85%
#17 Watkins Glen International (The Glen)
85%
#19 Darlington Raceway
80%
#4 Homestead-Miami Speedway
80%
#8 Texas Motor Speedway
80%
#9 Kansas Speedway
75%
#13 Michigan International Speedway
75%
#15 Lime Rock Park (Connecticut)
70%
#16 Lucas Oil Indianapolis Raceway Park (Indy)
70%
#12 Nashville Superspeedway
70%
#21 New Hampshire Motor Speedway (NHMS)
70%
#10 North Wilkesboro Speedway
70%
#14 Pocono Raceway
70%
#18 Richmond Raceway
70%
#22 Charlotte Motor Speedway Road Course (Roval)
65%
No matching quizzes found
Score Distribution
Percent of People with Each Score
Percentile by Number Answered
Your Score History
You have not taken this quiz